• 首页
  • 本馆介绍
  • 公告通知
  • 最新文献
  • 馆藏检索
  • 电子资源
  • 读者导购
  • 参考咨询
  • 我的图书馆
  • 登录
  • 详细信息显示
  • 放入我的书架
  • 预约/预借图书
  • 作者相关作品
  • 分类相关作品
  • 丛书相关作品
  • 出版社相关作品

书目信息

  • 表格格式
  • 工作单格式
  • 卡片格式
题名:
蝶泳
    
 
作者: 马丽婷 著
分册:  
出版信息: 天津   天津人民美术出版社  2018.1
页数: 118页
开本: 23cm
丛书名: 图说全民健身体育运动丛书
单 册:
中图分类: G861.14
科图分类:
主题词: 蝶泳--图解
电子资源:
ISBN: 978-7-5305-8374-6
000 01033nam 2200277 45
001 012001000569
005 20130909093940.0
010    @a978-7-5305-8374-6@dCNY28.80
099    @aCAL 012018099423
100    @a20180703d2018 em y0chiy0110 ea
101 0  @achi
102    @aCN@b120000
105    @aa z 000yy
106    @ar
200 1  @a蝶泳@Adie yong@f马丽婷著
210    @a天津@c天津人民美术出版社@d2018.1
215    @a118页@c彩图@d23cm
225 2  @a图说全民健身体育运动丛书@Atu shuo quan min jian shen ti yu yun dong cong shu
312    @a封面其他题名: 从入门到精通
330    @a本书遵循体育课程建设的客观规律, 将体育文化、健康理念纳入其中, 深入浅出地为读者介绍蝶泳的技术、学蝶泳的练习方法以及如何才能游得远、游得快 ; 还介绍了蝶泳的出发、转身技术和蝶泳的发展概况、比赛规则、等级标准、优秀运动员以及有关趣闻。
461  0 @12001 @a图说全民健身体育运动丛书
606 0  @a蝶泳@j图解
690    @aG861.14@v5
701  0 @a马丽婷@Ama li ting@4著
801    @aCN@b江苏凤凰@c20211018
905    @b1340164-7@dG861.14@e99@f4
    
    蝶泳/马丽婷著.-天津:天津人民美术出版社,2018.1
    118页:彩图;23cm.-(图说全民健身体育运动丛书)
    
    
    ISBN 978-7-5305-8374-6:CNY28.80
    本书遵循体育课程建设的客观规律, 将体育文化、健康理念纳入其中, 深入浅出地为读者介绍蝶泳的技术、学蝶泳的练习方法以及如何才能游得远、游得快 ; 还介绍了蝶泳的出发、转身技术和蝶泳的发展概况、比赛规则、等级标准、优秀运动员以及有关趣闻。
●
相关链接 在E读中查询图书 在五车中查询图书 在当当中查询图书 在豆瓣中查询图书


正题名:蝶泳     索取号:G861.14/99         预约/预借

序号 登录号 条形码 馆藏地/架位号 状态 备注
1 1340164   213401647   第一样本阅览室/ [索取号:G861.14/99] 在馆    
2 1340165   213401656   第四借阅区/ [索取号:G861.14/99] 在馆    
3 1340166   213401665   第四借阅区/ [索取号:G861.14/99] 在馆    
4 1340167   213401674   第四借阅区/ [索取号:G861.14/99] 在馆    
唐山师范学院图书馆 欢迎您!
大连网信软件有限公司© 版权所有